Indian society / (Record no. 168924)

MARC details
000 -LEADER
fixed length control field 00570nam a2200193 4500
005 - DATE AND TIME OF LATEST TRANSACTION
control field 20191031151137.0
010 ## - LCCN (DPL NO)
LC control number ENG-126765
020 ## - INTERNATIONAL STANDARD BOOK NUMBER
International Standard Book Number 9788189433468
Terms of availability 795.00
035 ## - SYSTEM CONTROL NUMBER
System control number EN-110297
037 ## - SOURCE OF ACQUISITION
Source of stock number/acquisition DBAD/PUB
082 ## - DEWEY DECIMAL CLASSIFICATION NUMBER
Classification number 301.954
100 ## - MAIN ENTRY--PERSONAL NAME
Personal name Heena Tabassum
245 ## - TITLE STATEMENT
Title Indian society /
Statement of responsibility, etc by Heena Tabassum
260 ## - PUBLICATION, DISTRIBUTION, ETC. (IMPRINT)
Place of publication, distribution, etc Delhi
Name of publisher, distributor, etc Caliber Publishers
Date of publication, distribution, etc 2018
270 ## - ADDRESS
Address L-45, 2nd Floor, Gali No.5
City Shivaji Marg, Kartar Nagar , Delhi
Postal code 110053
300 ## - PHYSICAL DESCRIPTION
Extent vii,264p.
Dimensions 22cm(Hb)
500 ## - GENERAL NOTE
General note Includes index
942 ## - ADDED ENTRY ELEMENTS (KOHA)
Source of classification or shelving scheme Dewey Decimal Classification
Item type English Books
Classification part 301.954
Call number suffix HEE
Holdings
Withdrawn status Lost status Not for loan Collection code Home library Current library Date acquired Source of acquisition Cost, normal purchase price Full call number Barcode Copy number Cost, replacement price Koha item type
      Non-fiction Central Library Central Library 31/10/2019 DBAD/PUB 795.00 301.954 HEE EN-110297 1 795.00 English Books

© Delhi Public Library
Hit Counter
free hit counter